| 000 | 00811nam a22002057a 4500 | ||
|---|---|---|---|
| 999 |
_c194122 _d194122 |
||
| 005 | 20230112170123.0 | ||
| 010 | _aB-747657-668 E.N.A./7.11.22 | ||
| 020 |
_a9789384761189 _c450.00 |
||
| 035 | _aB-747657-668 | ||
| 037 | _bAdhunik | ||
| 082 | _a000 | ||
| 100 | _aBhupendra, Kr. Singh | ||
| 245 |
_aLucent's Verbal Reasoning/ _cBhupendra Kr. Singh and Vibha Rani |
||
| 260 |
_aPatna _bLucent Publication _c2022 |
||
| 270 |
_aNew Bypass Road, Ashochak _bPatna _e800030 _k9934016609 _minfo@lucentpublication.com |
||
| 300 |
_a714p. _c27cm(pbk) |
||
| 700 | _aRani, Vibha | ||
| 942 |
_2ddc _cEN _mBHU _h000 |
||